000 00614nas a2200217 4500
001 BR8802901
003 BR-BrBNA
005 20231205091142.0
007 ta
008 230509b bl.|||p| |||| 00| 00por d
040 _aBR-BrBNA
_bpor
_cBiblioteca Nacional de Agricultura
041 _a(Pt)
072 _aF06
100 1 _aMatsura, E.E.
100 1 _aTestezlaf, R.
245 1 _aIrrigacao. A chuva artificial
650 _aIRRIGACAO POR ASPERSAO
773 0 _tGranja (Brazil)
_xISSN 0367-505X
_g(Dec 1986), v. 42(467) p. 30-38
_wBR8802901
909 _a202311
_bLúcia
_c55
_dLúcia Elande
942 _2AGRIS
_n0
_cANA
999 _c123164
_d123164